[Event "East Region-ch U14"]
[Site "Medellin"]
[Date "2012.04.28"]
[Round "4.5"]
[White "Torres, David"]
[Black "Echeverry, Jose Miguel"]
[Result "0-1"]
[WhiteElo "1850"]
[BlackElo "1578"]
[PlyCount "114"]
[EventDate "2012.04.28"]
[EventType "swiss"]
[EventRounds "6"]
[EventCountry "COL"]
[SourceTitle "EXT 2024"]
[Source "ChessBase"]
[SourceDate "2023.10.10"]
[SourceVersion "1"]
[SourceVersionDate "2023.10.10"]
[SourceQuality "1"]

1. e4 e5 2. Nf3 Nc6 3. Bc4 Nf6 4. Ng5 d5 5. exd5 b5 6. Bf1 h6 7. Nxf7 Kxf7 8. dxc6 a6 9. Be2 Bc5 10. 0-0 Rf8 11. d3 Be6 12. Be3 Bd6 13. Nc3 Kg8 14. Bf3 Qc8 15. Ne4 Nxe4 16. Bxe4 Bf5 17. Qf3 Bxe4 18. Qxe4 Rf6 19. Bd2 Qf8 20. Rae1 Re8 21. Bc3 Kh8 22. Qd5 Rf5 23. Qe4 Rf4 24. Qg6 Rf6 25. Qh5 b4 26. Bd2 Bc5 27. Be3 Bd6 28. Qe2 Qf7 29. b3 a5 30. f3 Qh5 31. Bf2 Qg6 32. Qe4 Qf7 33. Bg3 Bc5+ 34. Bf2 Rf4 35. Qe2 Bd6 36. Be3 Rf6 37. Qf2 Qf8 38. Qh4 Bc5 39. Qc4 Rxc6 40. Kh1 Qd6 41. Qe4 Bxe3 42. Rxe3 Rxc2 43. d4 Rxa2 44. dxe5 Qd2 45. f4 Rd8 46. e6 Rd4 47. Qf3 Rxf4 48. e7 Qxe3 49. e8Q+ Qxe8 50. Qxf4 Re2 51. Qf8+ Qxf8 52. Rxf8+ Kh7 53. h3 Re3 54. Rf5 Rxb3 55. Rxa5 Rb1+ 56. Kh2 b3 57. Rb5 c5 0-1

[Event "Medellin Region U12"]
[Site "Medellin"]
[Date "2010.02.??"]
[Round "7.5"]
[White "Ruiz Arenas, Maria Camila"]
[Black "Echeverry, Jose Miguel"]
[Result "1/2-1/2"]
[WhiteElo "1659"]
[BlackElo "1430"]
[PlyCount "47"]
[EventDate "2010.02.03"]
[EventType "tourn"]
[EventRounds "7"]
[EventCountry "COL"]
[SourceTitle "EXT 2024"]
[Source "ChessBase"]
[SourceDate "2023.10.10"]
[SourceVersion "1"]
[SourceVersionDate "2023.10.10"]
[SourceQuality "1"]

1. e4 e5 2. Nf3 Nc6 3. Bc4 Nf6 4. Nc3 Bc5 5. 0-0 0-0 6. d3 h6 7. Be3 d6 8. h3 Re8 9. Re1 Nd4 10. Bxd4 Bxd4 11. Nxd4 exd4 12. Ne2 c5 13. c3 Qb6 14. Rb1 Be6 15. Bxe6 fxe6 16. Ng3 dxc3 17. bxc3 Qc7 18. Qb3 b6 19. Ne2 Qf7 20. Nf4 e5 21. Nd5 Nxd5 22. Qxd5 Qxd5 23. exd5 Kh7 24. Re4 1/2-1/2